[Event "Omegna op-B 2nd"]
[Site "Omegna"]
[Date "2014.08.09"]
[Round "3"]
[White "Chanex, Arnaud"]
[Black "Castiglioni, Fabrizio"]
[Result "1/2-1/2"]
[WhiteElo "1726"]
[BlackElo "1797"]
[PlyCount "77"]
[EventDate "2014.08.08"]
[EventType "swiss"]
[EventRounds "5"]
[EventCountry "ITA"]
[SourceTitle "EXT 2015"]
[Source "ChessBase"]
[SourceDate "2014.11.20"]
[SourceVersion "1"]
[SourceVersionDate "2014.11.20"]
[SourceQuality "1"]

1. e4 c5 2. Nf3 Nc6 3. d4 cxd4 4. Nxd4 g6 5. c4 Bg7 6. Be3 a6 7. Nc3 d6 8. Be2 Nf6 9. f3 0-0 10. Qd2 Nxd4 11. Bxd4 Bd7 12. a4 Qa5 13. 0-0 g5 14. b4 Qxb4 15. a5 d5 16. Rfb1 Nxe4 17. fxe4 Bxd4+ 18. Qxd4 Qd6 19. Qxd5 Bc6 20. Qxd6 exd6 21. Nd5 Kg7 22. Re1 f5 23. exf5 Rxf5 24. Bd3 Rf7 25. Re6 Rd8 26. Bc2 Rdf8 27. Re7 Bxd5 28. Rxf7+ Bxf7 29. Rd1 Bxc4 30. Be4 Rf7 31. Bd5 Bxd5 32. Rxd5 Rd7 33. Rxg5+ Kf6 34. Rd5 Ke6 35. Rd1 d5 36. Kf2 d4 37. Ke2 Kd5 38. Kd3 Kc5 39. Rh1 1/2-1/2

[Event "SUI-ch U14"]
[Site "Geneve"]
[Date "2013.06.27"]
[Round "1"]
[White "Chanex, Arnaud"]
[Black "Sriram, Pranav"]
[Result "1-0"]
[WhiteElo "1802"]
[BlackElo "1602"]
[PlyCount "49"]
[EventDate "2013.06.27"]
[EventType "swiss"]
[EventRounds "7"]
[EventCountry "SUI"]
[SourceTitle "EXT 2014"]
[Source "ChessBase"]
[SourceDate "2013.11.20"]
[SourceVersion "1"]
[SourceVersionDate "2013.11.20"]
[SourceQuality "1"]

1. e4 c5 2. Nf3 d6 3. d4 cxd4 4. Nxd4 a6 5. Be3 Nf6 6. Nc3 e5 7. Nb3 Be6 8. Be2 Nbd7 9. 0-0 b5 10. a3 Nb6 11. f4 Nc4 12. Bxc4 bxc4 13. Nd2 Ng4 14. Qe2 Rc8 15. f5 Nxe3 16. Qxe3 Bd7 17. Qf2 Bc6 18. Qf3 Qb6+ 19. Kh1 Qxb2 20. Ra2 Qb7 21. f6 g6 22. Rb1 Qa8 23. Rab2 Bh6 24. Nxc4 Rd8 25. Nxd6+ 1-0

[Event "SUI-ch U14"]
[Site "Geneve"]
[Date "2013.06.27"]
[Round "2"]
[White "Rohrer, Christophe"]
[Black "Chanex, Arnaud"]
[Result "1/2-1/2"]
[WhiteElo "1925"]
[BlackElo "1802"]
[PlyCount "74"]
[EventDate "2013.06.27"]
[EventType "swiss"]
[EventRounds "7"]
[EventCountry "SUI"]
[SourceTitle "EXT 2014"]
[Source "ChessBase"]
[SourceDate "2013.11.20"]
[SourceVersion "1"]
[SourceVersionDate "2013.11.20"]
[SourceQuality "1"]

1. e4 e5 2. Nf3 Nc6 3. Bb5 Nf6 4. 0-0 Nxe4 5. Re1 Nd6 6. Bxc6 dxc6 7. Nxe5 Be7 8. d4 Be6 9. b3 0-0 10. Bf4 Nf5 11. c3 c5 12. dxc5 Bxc5 13. Nd2 Qe7 14. Ne4 Bb6 15. Qe2 Rad8 16. Nc4 Rd5 17. Ng5 Re8 18. Nxb6 cxb6 19. Rad1 Rxd1 20. Qxd1 Qd7 21. Qxd7 Bxd7 22. Rxe8+ Bxe8 23. Bb8 a6 24. Ba7 b5 25. Bc5 Bc6 26. f3 f6 27. Ne6 Kf7 28. Nd8+ Ke8 29. Nxc6 bxc6 30. Kf2 Ne7 31. Bxe7 Kxe7 32. Ke3 Kd6 33. Kd4 c5+ 34. Ke4 g6 35. g4 Ke6 36. h4 h6 37. a3 a5 1/2-1/2

[Event "SUI-ch U12"]
[Site "St Ursanne"]
[Date "2011.07.01"]
[Round "4"]
[White "Chanex, Arnaud"]
[Black "Arcuti, Davide"]
[Result "0-1"]
[WhiteElo "1543"]
[BlackElo "1971"]
[PlyCount "82"]
[EventDate "2011.06.30"]
[EventType "swiss"]
[EventRounds "7"]
[EventCountry "SUI"]
[SourceTitle "EXT 2012"]
[Source "ChessBase"]
[SourceDate "2011.11.24"]
[SourceVersion "1"]
[SourceVersionDate "2011.11.24"]
[SourceQuality "1"]

1. e4 e6 2. d4 d5 3. Nd2 Nf6 4. e5 Nfd7 5. Bd3 c5 6. c3 Nc6 7. Ne2 Be7 8. 0-0 0-0 9. Nf3 Re8 10. Bf4 b6 11. Qd2 Nf8 12. Bg5 f5 13. Bxe7 Qxe7 14. Ne1 g5 15. f4 g4 16. g3 Ng6 17. Kf2 Kg7 18. Rh1 h5 19. h4 Bd7 20. Rc1 c4 21. Bc2 b5 22. a3 a5 23. Ra1 b4 24. Ng2 Reb8 25. Rhb1 bxa3 26. bxa3 Rxb1 27. Bxb1 a4 28. Bc2 Na5 29. Ne1 Nb3 30. Bxb3 axb3 31. Qb2 Bc6 32. Ng2 Nf8 33. Ne3 Nd7 34. Nf1 Nb6 35. Nd2 Na4 36. Qb1 Qa7 37. Ke3 Qa5 38. Nxb3 cxb3 39. Qxb3 Nb6 40. Rb1 Nc4+ 41. Kd3 Qa6 0-1

[Event "SUI-ch U12"]
[Site "St Ursanne"]
[Date "2011.06.30"]
[Round "1"]
[White "Chanex, Arnaud"]
[Black "Poun, Piknoreak"]
[Result "1-0"]
[WhiteElo "1543"]
[BlackElo "1654"]
[PlyCount "63"]
[EventDate "2011.06.30"]
[EventType "swiss"]
[EventRounds "7"]
[EventCountry "SUI"]
[SourceTitle "EXT 2012"]
[Source "ChessBase"]
[SourceDate "2011.11.24"]
[SourceVersion "1"]
[SourceVersionDate "2011.11.24"]
[SourceQuality "1"]

1. e4 c5 2. Nf3 Nc6 3. d4 cxd4 4. Nxd4 e6 5. Nc3 Nf6 6. Bc4 a6 7. Bg5 Be7 8. Qd2 h6 9. Bh4 Nxe4 10. Nxe4 Bxh4 11. Nd6+ Kf8 12. Nxc6 dxc6 13. Qf4 Bf6 14. Rd1 Qa5+ 15. c3 Qe5+ 16. Qxe5 Bxe5 17. Ne4 b6 18. Rd8+ Ke7 19. Rxh8 b5 20. Be2 a5 21. g3 f5 22. Nd2 Bb7 23. Rxa8 Bxa8 24. f4 Bd6 25. Bf3 Bc5 26. c4 bxc4 27. Nxc4 a4 28. Ke2 g6 29. Rc1 Bd4 30. b3 axb3 31. axb3 Kd7 32. Rd1 1-0

[Event "SUI-ch U10"]
[Site "Belp"]
[Date "2010.07.04"]
[Round "7"]
[White "Chanex, Arnaud"]
[Black "Poun, Piknoreak"]
[Result "0-1"]
[WhiteElo "1403"]
[BlackElo "1586"]
[PlyCount "144"]
[EventDate "2010.07.01"]
[EventType "tourn"]
[EventRounds "7"]
[EventCountry "SUI"]
[SourceTitle "EXT 2012"]
[Source "ChessBase"]
[SourceDate "2011.11.24"]
[SourceVersion "1"]
[SourceVersionDate "2011.11.24"]
[SourceQuality "1"]

1. e4 e6 2. d4 d5 3. exd5 exd5 4. Be3 Nf6 5. Nc3 c6 6. Bd3 Bd6 7. Nf3 Bg4 8. h3 Bh5 9. g4 Bg6 10. Bxg6 hxg6 11. Qd2 Qc7 12. 0-0-0 Nbd7 13. Kb1 0-0-0 14. g5 Nh5 15. Ne2 Kb8 16. h4 f5 17. gxf6 gxf6 18. Rhg1 Rhg8 19. Rg2 Nb6 20. Qd3 f5 21. Rdg1 Qf7 22. Ne5 Bxe5 23. dxe5 d4 24. Bc1 c5 25. c3 c4 26. Qf3 dxc3 27. Nxc3 Rd3 28. Qe2 Qe6 29. f4 Rd7 30. Be3 a6 31. Bxb6 Qxb6 32. Qxc4 Rc8 33. Qb3 Qxb3 34. axb3 Nxf4 35. Rc2 Re7 36. Re1 Rce8 37. Rf1 Nd3 38. Rg1 Rxe5 39. Rd2 Nf4 40. Nd1 Rg8 41. Nf2 Re2 42. Rxe2 Nxe2 43. Rg2 Nd4 44. Nh3 Nf3 45. h5 g5 46. Kc2 Ne1+ 47. Kd2 Nxg2 48. h6 g4 49. h7 Rh8 50. Ng5 f4 51. Ke2 Nh4 52. Kf2 g3+ 53. Kg1 f3 54. Kf1 f2 55. b4 Rxh7 56. Nxh7 Nf3 57. b3 Nh2+ 58. Kg2 f1Q+ 59. Kxg3 Qg1+ 60. Kf4 Qf2+ 61. Ke5 Ng4+ 62. Kd5 Qf7+ 63. Ke4 Qxh7+ 64. Kf4 Kc7 65. Kxg4 Qf7 66. Kg5 Kd6 67. Kg4 Ke5 68. Kg3 Qf4+ 69. Kh3 Qg5 70. Kh2 Kf4 71. Kh1 Kf3 72. b5 Qg2# 0-1

[Event "SUI-ch U10"]
[Site "Belp"]
[Date "2010.07.04"]
[Round "6"]
[White "Naegelin, Lars"]
[Black "Chanex, Arnaud"]
[Result "0-1"]
[WhiteElo "1533"]
[BlackElo "1403"]
[PlyCount "108"]
[EventDate "2010.07.01"]
[EventType "tourn"]
[EventRounds "7"]
[EventCountry "SUI"]
[SourceTitle "EXT 2012"]
[Source "ChessBase"]
[SourceDate "2011.11.24"]
[SourceVersion "1"]
[SourceVersionDate "2011.11.24"]
[SourceQuality "1"]

1. e4 e5 2. Nf3 Nc6 3. Bb5 d6 4. Nc3 Nf6 5. h3 a6 6. Ba4 b5 7. Bb3 Be6 8. Bxe6 fxe6 9. d3 Be7 10. Be3 0-0 11. 0-0 Qd7 12. d4 exd4 13. Nxd4 Nxd4 14. Bxd4 e5 15. Be3 b4 16. Ne2 Qc6 17. f3 d5 18. exd5 Nxd5 19. Bf2 Rad8 20. Qc1 Bc5 21. c4 bxc3 22. Nxc3 Qb6 23. Na4 Bxf2+ 24. Rxf2 Qb5 25. Nc3 Qb6 26. Nxd5 Rxd5 27. Qc4 Rfd8 28. Rd1 c6 29. Kf1 Kh8 30. Rxd5 Rxd5 31. Qc2 g6 32. Re2 Qc5 33. Qxc5 Rxc5 34. Kf2 Kg7 35. Kg3 Kh6 36. f4 exf4+ 37. Kxf4 Rf5+ 38. Ke3 Kg5 39. g4 Re5+ 40. Kf3 Rxe2 41. Kxe2 Kf4 42. Kf2 a5 43. a4 c5 44. b3 Ke4 45. Ke2 Kd4 46. Kd2 g5 47. Kc2 c4 48. Kb2 c3+ 49. Kc2 h6 50. Kc1 Kd3 51. Kd1 c2+ 52. Kc1 Kc3 53. b4 axb4 54. a5 b3 0-1

[Event "SUI-ch U10"]
[Site "Belp"]
[Date "2010.07.02"]
[Round "3"]
[White "Chanex, Arnaud"]
[Black "Brandis, Benjamin"]
[Result "0-1"]
[WhiteElo "1403"]
[BlackElo "1599"]
[PlyCount "64"]
[EventDate "2010.07.01"]
[EventType "tourn"]
[EventRounds "7"]
[EventCountry "SUI"]
[SourceTitle "EXT 2012"]
[Source "ChessBase"]
[SourceDate "2011.11.24"]
[SourceVersion "1"]
[SourceVersionDate "2011.11.24"]
[SourceQuality "1"]

1. e4 e5 2. Nf3 Nc6 3. Bc4 Nf6 4. Ng5 d5 5. exd5 Na5 6. Bb5+ Bd7 7. Bxd7+ Qxd7 8. Nc3 Qd8 9. Nf3 e4 10. Qe2 Qe7 11. Ng5 0-0-0 12. Ngxe4 Nxe4 13. Qxe4 Qxe4+ 14. Nxe4 Re8 15. d3 f5 16. Bd2 fxe4 17. Bxa5 exd3+ 18. Kd2 dxc2 19. Rhe1 Bc5 20. Rxe8+ Rxe8 21. Re1 Rxe1 22. Kxc2 Re2+ 23. Kb3 Rxf2 24. Kc4 b6 25. Bc3 Rxg2 26. b4 Bd6 27. b5 Rxa2 28. Bxg7 Bxh2 29. Kb4 a5+ 30. bxa6 Rxa6 31. Kb5 Ra5+ 32. Kc6 Rc5# 0-1